|
|
|
|
| LEADER |
01131nam a22002657a 4500 |
| 001 |
43613 |
| 003 |
BD-DhAAL |
| 005 |
20241027115807.0 |
| 008 |
241027t2019 bg ||||| |||| 00| 0dben d |
| 020 |
|
|
|a 9847012009147
|
| 040 |
|
|
|a BD-DhAAL
|d BD-DhAAL
|
| 041 |
|
|
|a ben
|
| 082 |
|
|
|a 891.444
|2 23
|
| 100 |
|
|
|a সাদী, ইসমাইল.
|
| 245 |
|
|
|a অঞ্জলির অন্তরালে :
|b কবি-কথাশিল্প-সংগ্রামীদের কীর্তিগাথা /
|c সাদী, ইসমাইল.
|
| 250 |
|
|
|a Anjolir antorale
|
| 260 |
|
|
|a ঢাকা :
|b কখা প্রকাশ,
|c ২০১৯.
|
| 300 |
|
|
|a ১০১ পৃষ্ঠা ;
|c ২২ সে.মি.
|
| 541 |
|
|
|a Savar campus library
|e 43613
|
| 650 |
|
|
|a Bengali essays.
|
| 650 |
|
|
|a বাংলা প্রবন্ধ.
|
| 650 |
|
|
|a Bengali literature.
|
| 942 |
|
|
|2 ddc
|c BK
|
| 999 |
|
|
|c 47057
|d 47057
|
| 952 |
|
|
|0 0
|1 0
|2 ddc
|4 0
|6 891_444000000000000_SAA
|7 0
|9 76816
|a SCL
|b SCL
|c GEN
|d 2024-10-27
|e Savar Campus Library
|g 150.00
|l 5
|m 5
|o 891.444 SAA
|p 3020043613
|r 2026-02-28
|s 2026-02-04
|t 1
|w 2024-10-27
|y BK
|x Savar Campus Library
|